Be blessed (Record no. 17491)

000 -LEADER
fixed length control field 00654nam a2200217 a 4500
001 - CONTROL NUMBER
control field :::00021417$&:&@@
003 - CONTROL NUMBER IDENTIFIER
control field OkBaRHE
005 - DATE AND TIME OF LATEST TRANSACTION
control field 20080926151224.0
008 - FIXED-LENGTH DATA ELEMENTS--GENERAL INFORMATION
fixed length control field s2000 j 000 0 eng u
040 ## - CATALOGING SOURCE
Transcribing agency
100 1# - MAIN ENTRY--PERSONAL NAME
Personal name Holman, Anne
245 10 - TITLE STATEMENT
Title Be blessed
260 ## - PUBLICATION, DISTRIBUTION, ETC. (IMPRINT)
Place of publication, distribution, etc Phillipines
Name of publisher, distributor, etc Kingdom Builder Printing Press
Date of publication, distribution, etc c2000
300 ## - PHYSICAL DESCRIPTION
Extent 227 p
520 ## - SUMMARY, ETC.
Summary, etc Focuses on the grace and love of God
650 ## - SUBJECT ADDED ENTRY--TOPICAL TERM
Topical term or geographic name as entry element Charasmatic renewal
650 ## - SUBJECT ADDED ENTRY--TOPICAL TERM
Topical term or geographic name as entry element Charasmatic renwall among Catholics
650 ## - SUBJECT ADDED ENTRY--TOPICAL TERM
Topical term or geographic name as entry element Personal testamonies
942 ## - ADDED ENTRY ELEMENTS (KOHA)
Source of classification or shelving scheme
Koha item type Books
Copies
Full call number Date last seen Not for loan Permanent Location Source of classification or shelving scheme Date acquired Price effective from Copy number Barcode Shelving location Withdrawn status Damaged status Koha item type Lost status
BX 8763 .H62010-04-14 RHEMA Bible Training College 2010-04-142010-04-14121417General Stacks  Books